[Event "29th ch-GRE Team"]
[Site "Athens GRE"]
[Date "2000.07.10"]
[Round "5"]
[White "Markidis,K"]
[Black "Papatheodorou,T"]
[Result "1/2-1/2"]
[WhiteElo "2333"]
[BlackElo "2274"]

1.e4 c5 2.Nf3 d6 3.Bb5+ Nc6 4.O-O Bd7 5.Re1 Nf6 6.c3 a6 7.Ba4 b5 8.Bc2 Bg4
9.d3 e6 10.Nbd2 Be7 11.h3 Bh5 12.Nf1 Nd7 13.Ng3 Bg6 14.Be3 O-O 15.d4 cxd4
16.cxd4 d5 17.Rc1 Nb4 18.Bb1 dxe4 19.Nxe4 Nf6 20.Nc3 Bxb1 21.Rxb1 Rc8 22.a4 bxa4
23.Qxa4 Nd3 24.Red1 Nxb2 25.Rxb2 Rxc3 26.Qxa6 Nd5 27.Bd2 Ra3 28.Qc4 Qa8 29.Rb3 Ra4
30.Qd3 Rc8 31.Rdb1 Qa6 32.Qxa6 Rxa6 33.Rb8 Ra8 34.Rxc8+ Rxc8 35.Kf1 f6 36.Ke2 Kf7
37.Ne1 Ra8 38.Nc2 Ra4 39.Kd3 Ra7 40.g3 Bd6 41.Ne3 Ra3+ 42.Ke2 Nxe3 43.Bxe3  1/2-1/2

[Event "6th Tan Chin Nam Cup"]
[Site "Beijing CHN"]
[Date "2000.07.11"]
[Round "3"]
[White "Ye Jiangchuan"]
[Black "Wang Zili"]
[Result "1-0"]
[WhiteElo "2670"]
[BlackElo "2603"]

1.e4 c5 2.Nf3 d6 3.Bb5+ Bd7 4.Bxd7+ Qxd7 5.c4 Nf6 6.Nc3 Nc6 7.d4 cxd4 8.Nxd4 g6
9.O-O Bg7 10.Nde2 O-O 11.f3 Rfd8 12.Bg5 h6 13.Bh4 b6 14.Qd2 Kh7 15.b3 a6
16.Nd5 b5 17.Nb6 Qa7 18.Bf2 Rab8 19.cxb5 axb5 20.Rac1 Qb7 21.Rc2 Nd7 22.Rfc1 Nc5
23.Nd5 e6 24.Ne3 Ne5 25.Nf4 h5 26.Nf1 b4 27.Rd1 Nc6 28.Ne2 Qe7 29.Nd4 Nxd4
30.Bxd4 Bxd4+ 31.Qxd4 e5 32.Qf2 Ne6 33.Ne3 Nf4 34.Rcd2 Ra8 35.h4 Ra6 36.Kh2 Qa7
37.g3 Ne6 38.Nd5 Qxf2+ 39.Rxf2 Rb8 40.Rc1 Ra7 41.Rc6 Nc5 42.Rd2 Ra6 43.Rc7 Kg7
44.Kg2 Rb5 45.Kf2 Rb8 46.Ke3 Kf8 47.g4 hxg4 48.fxg4 Ne6 49.Rc4 Nd4 50.Nxb4 Rab6
51.Nd5 R6b7 52.g5 Kg7 53.Kf2 Ra7 54.Kg3 Rh8 55.Rf2 Rha8 56.Nc7 Rb8 57.Kg4 Rd8
58.Nd5 Rda8 59.Nf6 Ne6 60.Rc6 Kf8 61.Nd5 Kg7 62.Nf6 Kf8 63.Rd2 Nd4 64.Rc4 Kg7
65.Rh2 Ne6 66.Rc6 Kf8 67.Rhc2 Kg7 68.Rc8 Rxa2 69.Re8 Ra1 70.Rc1 Rxc1 71.Rxa8 Nf8
72.Rb8 Rc3 73.b4 Rc4 74.Kf3  1-0

[Event "FSIMB July"]
[Site "Budapest HUN"]
[Date "2000.07.11"]
[Round "11"]
[White "Zalkind,K"]
[Black "Dub,Z"]
[Result "1/2-1/2"]
[WhiteElo "2250"]
[BlackElo "2158"]

1.e4 c5 2.Nf3 d6 3.Bb5+ Nd7 4.d4 Nf6 5.Nc3 a6 6.Bxd7+ Nxd7 7.Bg5 h6 8.Bh4 g5
9.Bg3 Bg7 10.O-O g4 11.Nh4 cxd4 12.Nf5 dxc3 13.Nxg7+ Kf8 14.Nf5 cxb2 15.Rb1 Nf6
16.Be5 Bxf5 17.Bxf6 exf6 18.exf5 Qb6 19.Qxg4 Rc8 20.Qe2 Rg8 21.g3 Rg5 22.c4 Rxf5
23.Rxb2 Qc6 24.Qd2 Kg7 25.Rfb1 Rc7 26.Qd3 Ra5 27.Rb6 Qxc4 28.Qxd6 Rc6 29.Rxc6 Qxc6
30.Qd2 Rd5 31.Qf4 Qd7 32.Qf3 b5 33.h4 Rd3 34.Qh5 Qd4 35.Rb3 Rd1+ 36.Kg2 Qe4+
37.Qf3 f5 38.Ra3 Qb1 39.Rxa6 Qe4 40.Qxe4 fxe4  1/2-1/2

[Event "FSIMB July"]
[Site "Budapest HUN"]
[Date "2000.07.11"]
[Round "11"]
[White "Xu Hanbing"]
[Black "Carlsson,P"]
[Result "1/2-1/2"]
[WhiteElo "2420"]
[BlackElo "2262"]

1.e4 c5 2.Nf3 d6 3.Bb5+ Bd7 4.Bxd7+ Qxd7 5.O-O Nc6 6.c3 Nf6 7.d4 Nxe4 8.d5 Ne5
9.Re1 Nxf3+ 10.Qxf3 Nf6 11.Na3 e5 12.dxe6 fxe6 13.Bg5 Be7 14.Rad1 h6 15.Bxf6 O-O
16.Qh5 Rxf6 17.Qxc5 d5 18.Qb5 Qc7 19.Nc2  1/2-1/2

[Event "29th ch-GRE Team"]
[Site "Athens GRE"]
[Date "2000.07.13"]
[Round "8"]
[White "Markidis,K"]
[Black "Tzolas,G"]
[Result "1-0"]
[WhiteElo "2333"]
[BlackElo "2160"]

1.e4 c5 2.Nf3 d6 3.Bb5+ Bd7 4.Bxd7+ Qxd7 5.O-O Nf6 6.Re1 Nc6 7.b3 e6 8.Bb2 Be7
9.d4 cxd4 10.Nxd4 a6 11.a4 Nxd4 12.Qxd4 Rc8 13.c4 Qc6 14.Nc3 Qc5 15.Qxc5 Rxc5
16.Rad1 Rc6 17.Ba3 Nd7 18.Nd5 exd5 19.exd5 Rc5 20.a5 Kd8 21.Bxc5 dxc5 22.g3 Bf6
23.Rd3 Re8 24.Rxe8+ Kxe8 25.f4 Bd4+ 26.Kg2 f5 27.b4 Nf6 28.bxc5 Bxc5 29.Rb3 b6
30.axb6 Nd7 31.b7 Nb8 32.g4 fxg4 33.Kg3 Kd7 34.Kxg4 Kd6 35.Rh3 h6 36.Kf5 a5
37.Rg3 Bd4 38.Ke4 Bf6 39.Ra3 Kc7 40.Rxa5 Kxb7 41.Rb5+ Kc7 42.d6+ Kc8 43.Kd5 Nd7
44.c5 Bd8 45.c6 Nb6+ 46.Ke6 Na8 47.c7 Bxc7 48.d7+ Kd8 49.Rf5  1-0

[Event "6th Tan Chin Nam Cup"]
[Site "Beijing CHN"]
[Date "2000.07.13"]
[Round "5"]
[White "Peng Xiaomin"]
[Black "Xu Jun"]
[Result "1/2-1/2"]
[WhiteElo "2657"]
[BlackElo "2668"]

1.e4 c5 2.Nf3 d6 3.Bb5+ Nd7 4.d4 Nf6 5.O-O cxd4 6.Qxd4 e5 7.Qd3 h6 8.c4 Be7
9.Nc3 O-O 10.Bxd7 Bxd7 11.Be3 Be6 12.b3 a6 13.a4 Qa5 14.Nd2 Rac8 15.Rfd1 Nd7
16.Nf1 f5 17.exf5 Bxf5 18.Qd5+ Qxd5 19.Nxd5 Bd8 20.Rac1 Bg6 21.Nc3 Rc6 22.Ng3 Nf6  1/2-1/2

[Event "1st ch-Europe"]
[Site "Saint Vincent ITA"]
[Date "2000.07.14"]
[Round "11"]
[White "Shirazi,K"]
[Black "David,Alb"]
[Result "1/2-1/2"]
[WhiteElo "2399"]
[BlackElo "2520"]

1.e4 c5 2.Nf3 d6 3.Bb5+ Bd7 4.Bxd7+ Qxd7 5.O-O Nc6 6.c4 g6 7.d4 cxd4 8.Nxd4 Bg7
9.Be3 Nf6 10.f3 O-O 11.Na3 Nxd4 12.Bxd4 Qc6 13.Qd2 Nd7 14.Bxg7 Kxg7 15.Kh1 Rac8
16.Rac1 Qb6 17.Rc3 Nf6 18.Rb3 Qc6 19.Qb4 Rc7 20.Rd1 a6 21.Qd2 Qc5 22.Re3 Rfc8
23.Qc3 Kg8 24.e5 dxe5 25.Rxe5 Qf2 26.Rde1 Rd8 27.R5e2 Qd4 28.Qc1 Rdd7 29.b3 Nh5
30.g3 Ng7 31.Nc2 Qf6 32.Kg2 Nf5 33.Ne3 Nxe3+ 34.Qxe3 Rc6 35.Kf2 Re6 36.Qc5 Red6
37.Qe5 Qxe5 38.Rxe5 Kf8 39.g4 Rd3 40.h4 Rc3 41.R5e3 Rc2+ 42.R3e2 Rc3 43.Re3 Rc2+
44.R3e2  1/2-1/2

[Event "ch-NOR"]
[Site "Asker NOR"]
[Date "2000.07.15"]
[Round "9"]
[White "Johannessen,S"]
[Black "Lie,K"]
[Result "0-1"]
[WhiteElo "2306"]
[BlackElo "2227"]

1.e4 c5 2.Nf3 d6 3.Bb5+ Bd7 4.Bxd7+ Qxd7 5.O-O Nc6 6.b3 Nf6 7.Re1 e6 8.c4 e5
9.d3 g6 10.Nc3 Bg7 11.a3 O-O 12.Rb1 Nh5 13.b4 f5 14.bxc5 dxc5 15.exf5 Rxf5
16.g4 Rff8 17.gxh5 Qg4+ 18.Kh1 Rxf3 19.h6 Qh3 20.Be3 Bxh6 21.Ne4 Raf8 22.Rg1 Bxe3  0-1

[Event "ch-Paris"]
[Site "Paris FRA"]
[Date "2000.07.15"]
[Round "1"]
[White "Glek,I"]
[Black "Quach,C"]
[Result "1-0"]
[WhiteElo "2553"]
[BlackElo "2148"]

1.e4 c5 2.Nf3 d6 3.Bb5+ Nd7 4.d4 cxd4 5.Qxd4 e6 6.Nc3 Nf6 7.Bg5 Be7 8.O-O-O O-O
9.Rhe1 Nc5 10.e5 dxe5 11.Qh4 Qc7 12.Nxe5 a6 13.Bd3 Nxd3+ 14.Rxd3 Nd5 15.Nxd5 Bxg5+
16.Qxg5 exd5 17.Nf3 Be6 18.Nd4 Qa5 19.Qe5 Bd7 20.Ra3 Qb4 21.Rg3 g6 22.a3 Qa5
23.Rge3 Rae8 24.Qd6 Re4 25.b4 Qa4 26.Qxd5 Ree8 27.Kb2  1-0

[Event "GM"]
[Site "Dortmund GER"]
[Date "2000.07.16"]
[Round "9"]
[White "Skripchenko,A"]
[Black "Naiditsch,A"]
[Result "1/2-1/2"]
[WhiteElo "2444"]
[BlackElo "2442"]

1.e4 c5 2.Nf3 d6 3.Bb5+ Bd7 4.Bxd7+ Qxd7 5.c4 Nf6 6.Nc3 Nc6 7.O-O e6 8.d4 cxd4
9.Nxd4 Be7 10.Be3 O-O 11.Qe2 Rfc8 12.Rac1 Nxd4 13.Bxd4 a6 14.f3 Qc6 15.b3 b6
16.Rfd1 Qb7 17.a4 Rd8  1/2-1/2

[Event "Politiken Cup"]
[Site "Copenhagen DEN"]
[Date "2000.07.18"]
[Round "2"]
[White "Dongart,D"]
[Black "Schandorff,L"]
[Result "0-1"]
[WhiteElo "2138"]
[BlackElo "2520"]

1.e4 c5 2.Nf3 d6 3.Bb5+ Nd7 4.d4 Nf6 5.Nc3 a6 6.Bxd7+ Nxd7 7.e5 dxe5 8.dxe5 e6
9.Ne4 Qc7 10.Bg5 h6 11.Bh4 b5 12.Qd2 Qc6 13.Qe2 Bb7 14.Ned2 g5 15.Bg3 Be7
16.O-O-O O-O-O 17.Rhe1 h5 18.h3 g4 19.Nh4 Nb6 20.Nb3 Rxd1+ 21.Rxd1 Qe4 22.Qxe4 Bxe4
23.Nd2 Bg5 24.f4 gxf3 25.gxf3 Bc6 26.f4 Be7 27.Nhf3 Rg8 28.Rg1 Nd5 29.Bh2 Rxg1+
30.Nxg1 Ne3 31.Ndf3 Nf1 32.Kd1 Be4 33.c3 Bd5 34.a3 Nxh2 35.Nxh2 Bh4 36.Ke2 Bg3
37.Nhf3 Bxf4 38.h4 Kd7 39.Ng5 Ke7 40.Kd3 Bxe5 41.N1f3 Bf4 42.b4 f6 43.Ne4 c4+  0-1

[Event "ch-Paris"]
[Site "Paris FRA"]
[Date "2000.07.19"]
[Round "5"]
[White "Calistri,T"]
[Black "Valentin,R"]
[Result "0-1"]
[WhiteElo "2257"]
[BlackElo "2138"]

1.e4 c5 2.Nf3 d6 3.Bb5+ Bd7 4.Bxd7+ Qxd7 5.c4 g6 6.d4 Bg7 7.Nc3 Nc6 8.d5 Na5
9.Qd3 Nf6 10.h3 O-O 11.O-O a6 12.Re1 e5 13.dxe6 fxe6 14.Bg5 b5 15.cxb5 axb5
16.Qxb5 Qxb5 17.Nxb5 d5 18.e5 Ne4 19.Nc7 Nc4 20.Nxa8 Rxa8 21.Bc1 Nxe5 22.Nxe5 Bxe5
23.f3 Bg3 24.Re2 Nf6 25.Rxe6 Kf7 26.Rc6 Nd7 27.Be3 d4 28.Bf2 Bxf2+ 29.Kxf2 Ne5
30.Rc7+ Ke6 31.Ke2 Kd5 32.b3 g5 33.a4 d3+ 34.Kd2 Kd4 35.a5 Rb8 36.a6 c4 37.bxc4 Rb2+
38.Ke1 Rxg2 39.Ra3 Rg1+ 40.Kd2 Nxf3+  0-1

[Event "10th Open"]
[Site "Jyvaskyla FIN"]
[Date "2000.07.20"]
[Round "3"]
[White "Gavrikov,Vi"]
[Black "Rantanen,Y"]
[Result "1-0"]
[WhiteElo "2549"]
[BlackElo "2333"]

1.Nf3 c5 2.e4 d6 3.Bb5+ Nd7 4.O-O Nf6 5.Re1 a6 6.Bf1 b6 7.d4 cxd4 8.Nxd4 Bb7
9.f3 e6 10.c4 Be7 11.Nc3 O-O 12.Be3 Qb8 13.Rc1 Bd8 14.Kh1 Bc7 15.Bg1 Kh8
16.g3 g5 17.Bg2 Rg8 18.b4 Rg6 19.Bf2 Ne5 20.Na4 Qf8 21.c5 bxc5 22.bxc5 Rd8
23.c6 Bc8 24.Qb3 d5 25.exd5 Nxd5 26.Nc5 Qg7 27.Rcd1 Rg8 28.Nf5 exf5 29.Rxd5 Nxc6
30.Nd7 Rd6 31.Rxd6 Bxd6 32.Qd5 Bxd7 33.Qxd6 f6 34.f4 Rc8 35.fxg5 fxg5 36.Bxc6 Bxc6+
37.Qxc6  1-0

[Event "KB Czech Open"]
[Site "Pardubice CZE"]
[Date "2000.07.21"]
[Round "1"]
[White "Soderberg,P"]
[Black "Florean,A"]
[Result "0-1"]
[WhiteElo "2261"]
[BlackElo "2441"]

1.e4 c5 2.Nf3 d6 3.Bb5+ Nd7 4.O-O Nf6 5.Re1 e6 6.a4 Be7 7.Nc3 O-O 8.d4 cxd4
9.Qxd4 a6 10.Bf1 b6 11.h3 Bb7 12.Bg5 h6 13.Bh4 Qc7 14.Rad1 Rac8 15.Rd2 Rfd8
16.Kh1 Nc5 17.Bg3 e5 18.Qc4 Ncxe4 19.Nxe4 Qxc4 20.Nxf6+ Bxf6 21.Bxc4 Rxc4
22.Red1 Bxf3 23.gxf3 Rxa4 24.Rxd6 Rxd6 25.Rxd6 Rb4 26.b3 Kf8 27.Rd7 g5 28.Rd5 Rd4
29.Rxd4 exd4 30.Bd6+ Ke8 31.Kg2 Kd7 32.Bf8 h5 33.Kf1 Ke6 34.Ke2 Be5 35.Kd3 Kd5
36.Be7 f6 37.Ba3 a5 38.Bb2 b5 39.Ba3 a4 40.Be7 Ke6 41.Bc5 h4 42.bxa4 bxa4
43.f4 Bxf4 44.Kxd4 g4  0-1

[Event "KB Czech Open"]
[Site "Pardubice CZE"]
[Date "2000.07.21"]
[Round "1"]
[White "Oral,T"]
[Black "Jasny,S"]
[Result "1-0"]
[WhiteElo "2531"]
[BlackElo "2289"]

1.e4 c5 2.Nf3 d6 3.Bb5+ Nd7 4.d4 cxd4 5.Qxd4 Nf6 6.Bg5 a6 7.Bxd7+ Bxd7 8.Nc3 Bc6
9.O-O-O Qa5 10.Kb1 Qc5 11.Qxc5 dxc5 12.Rhe1 Nd7 13.Nd5 Rc8 14.Bf4 h6 15.Nc7+ Kd8
16.Ne5 Kxc7 17.Nxf7+  1-0

[Event "10th Open"]
[Site "Jyvaskyla FIN"]
[Date "2000.07.22"]
[Round "7"]
[White "Paronen,P"]
[Black "Rantanen,Y"]
[Result "1-0"]
[WhiteElo "2179"]
[BlackElo "2333"]

1.e4 c5 2.Nf3 d6 3.Bb5+ Nd7 4.d4 cxd4 5.Qxd4 a6 6.Bxd7+ Bxd7 7.Nc3 e5 8.Qd3 h6
9.a4 Nf6 10.O-O Be7 11.a5 Bc6 12.Be3 Rc8 13.Bb6 Qd7 14.Rad1 O-O 15.Rfe1 Rfe8
16.Nd2 Bf8 17.Nf1 Qe6 18.f3 Nh5 19.Ne3 Nf4 20.Qd2 g6 21.Kh1 f5 22.g3 Nh3
23.Ned5 Qf7 24.Rf1 Kh7 25.Be3 f4 26.gxf4 Bg7 27.fxe5 Rxe5 28.Bd4 Rh5 29.Bxg7 Qxg7
30.Nb4 Rxa5 31.Qxd6 Ng5  1-0

[Event "Glorney and Faber Cup"]
[Site "Dublin IRL"]
[Date "2000.07.24"]
[Round "1"]
[White "Maze,S"]
[Black "Kennedy,J"]
[Result "0-1"]
[WhiteElo "2281"]
[BlackElo "2019"]

1.e4 c5 2.Nf3 d6 3.Bb5+ Bd7 4.Bxd7+ Qxd7 5.c4 Nc6 6.d4 cxd4 7.Nxd4 Nf6 8.Nc3 g6
9.f3 Bg7 10.Be3 O-O 11.O-O Ne5 12.b3 a6 13.a4 Rfd8 14.h3 Qc7 15.Rc1 Qa5 16.Qd2 Nc6
17.Rfd1 e6 18.Kh1 Qh5 19.Nde2 Qa5 20.Nd4 Qh5 21.Qf2 d5 22.cxd5 exd5 23.Nxc6 bxc6
24.Bd4 dxe4 25.Bxf6 Bxf6 26.Nxe4 Be5 27.Qc5 Qf5 28.Nf2 Bf4 29.Qxf5 gxf5 30.Rxc6 Rxd1+
31.Nxd1 Re8 32.g3 Bxg3 33.Kg2 Bh4 34.Nc3 Rb8 35.Nd5 Rxb3 36.Rc4 Rb2+ 37.Kf1 Rd2
38.Nc7 Rf2+ 39.Kg1 Bg3 40.Nd5 Kg7 41.Nf4 Kh6 42.h4 f6 43.Nd5 Rxf3 44.Kg2 Rd3
45.Ne7 f4 46.Rc6 Bxh4 47.Nf5+ Kg5 48.Nxh4 Kxh4 49.Rxf6 Kg4 50.Rh6 Rd2+ 51.Kf1 Ra2
52.Rxa6 Kf3 53.Kg1 Kg3  0-1

[Event "Continental Open"]
[Site "Los Angeles USA"]
[Date "2000.07.25"]
[Round "2"]
[White "Sadvakasov,D"]
[Black "Martinez,Marce"]
[Result "1-0"]
[WhiteElo "2509"]
[BlackElo "2334"]

1.e4 c5 2.Nf3 d6 3.Bb5+ Nd7 4.d4 Nf6 5.Nc3 cxd4 6.Qxd4 e5 7.Qd3 h6 8.Be3 Be7
9.O-O O-O 10.Bc4 a6 11.Rfd1 Qc7 12.Nh4 Nc5 13.Bxc5 dxc5 14.Ng6 Re8 15.a4 Bg4
16.f3 Rad8 17.Nxe7+ Qxe7 18.Nd5 Nxd5 19.Bxd5 Be6 20.c4 Rd6 21.a5 Qc7 22.Qc3 Bc8
23.b4 Rg6 24.Qa3 cxb4 25.Qxb4 Qe7 26.Rab1 Qxb4 27.Rxb4 Re7 28.c5 Rc7 29.Rc1 Kf8
30.Kf2 Rf6 31.Ke3 h5 32.h4 Rg6 33.Rc2 Ke7 34.Rb6 Rf6 35.g3 Kd8 36.f4 exf4+
37.gxf4 Ke7 38.e5 Rxb6 39.axb6 Rd7 40.Bf3 g6 41.c6 bxc6 42.Bxc6 Rd8 43.b7 Be6
44.Rb2 Rb8 45.Rb6 Kd8 46.Rxa6 Kc7 47.Ra8 Rxb7 48.Bxb7 Kxb7 49.Rd8 Kc6 50.Kd4 Kb5
51.Rd6 Bg4 52.Rf6 Be6 53.f5 gxf5 54.Rh6 Kc6 55.Rxh5 Kd7 56.Rh6 Ke7 57.Ke3 Kf8
58.Kf4 Kg7 59.Rf6 Kh7 60.Kg5  1-0

[Event "KB Czech Open"]
[Site "Pardubice CZE"]
[Date "2000.07.25"]
[Round "5"]
[White "Kabanov,N"]
[Black "Florean,A"]
[Result "0-1"]
[WhiteElo "2385"]
[BlackElo "2441"]

1.e4 c5 2.Nf3 d6 3.Bb5+ Nd7 4.O-O Nf6 5.Re1 e6 6.c3 a6 7.Bf1 Be7 8.d4 cxd4
9.cxd4 b5 10.Nbd2 Bb7 11.Bd3 O-O 12.e5 dxe5 13.dxe5 Nd5 14.Ne4 h6 15.Bb1 Qc7
16.Ng3 Rfd8 17.Qe2 Nf8 18.Bd2 Rac8 19.h3 Ng6 20.Nh5 Bb4 21.Bxb4 Nxb4 22.Be4 Bxe4
23.Qxe4 Nd3 24.Re2 Rd5 25.a4 Ndxe5 26.Ng3 Nxf3+ 27.Qxf3 b4 28.Ree1 a5 29.Nf1 Ne5
30.Qe2 Nd3 31.Ne3 Rd7 32.Red1 Rcd8 33.b3 Qc3 34.Rab1 g6 35.Kf1 Kg7 36.Nc4 Rd5
37.Ne3 Rd4 38.g3 Qc6 39.Kg1 Qe4 40.Qc2 h5 41.Rf1 h4 42.Ng2 g5 43.Rfd1 Qf3
44.Qc7 Qf5 45.Ne3 Qxh3 46.Rxd3 Rxd3 47.Qxa5 R8d7 48.Nd5 hxg3 49.fxg3 Qxg3+
50.Kh1 Qh4+ 51.Kg1 Qg4+  0-1

[Event "Open"]
[Site "Dieren NED"]
[Date "2000.07.26"]
[Round "8"]
[White "Van der Wiel,J"]
[Black "Dvoirys,S"]
[Result "0-1"]
[WhiteElo "2531"]
[BlackElo "2562"]

1.e4 c5 2.Nf3 d6 3.Bb5+ Nc6 4.O-O Bd7 5.Re1 Nf6 6.c3 a6 7.Bf1 e5 8.h3 Be7
9.d4 Qc7 10.Na3 O-O 11.Bg5 cxd4 12.cxd4 exd4 13.Rc1 Rfe8 14.Nxd4 Nxe4 15.Bxe7 Rxe7
16.f3 Qb6 17.Rxc6 Bxc6 18.fxe4 Bxe4 19.Nc4 Qc5 20.Qd2 d5 21.Na5 Qb6 22.Re3 Rc8
23.Rb3 Qa7 24.Qf2 h6 25.Ne2 Qxf2+ 26.Kxf2 Rc2 27.Kg1 Rd2 28.Ng3 b5 29.Rb4 f5
30.a4 bxa4 31.Nc6 Rc7 32.Nd4 Rc1 33.Nge2 Ra1 34.Rb8+ Kh7 35.Rb7 Rdd1 36.Ng3 Rxd4  0-1

[Event "Continental Open"]
[Site "Los Angeles USA"]
[Date "2000.07.26"]
[Round "3"]
[White "Martinez,Marce"]
[Black "Anderson,R"]
[Result "1-0"]
[WhiteElo "2334"]
[BlackElo "2228"]

1.e4 c5 2.Nf3 d6 3.Bb5+ Nd7 4.d4 Nf6 5.Nc3 a6 6.Bxd7+ Nxd7 7.O-O e6 8.Bg5 Qc7
9.a4 b6 10.Re1 f6 11.Be3 Be7 12.Nh4 g6 13.Qe2 cxd4 14.Bxd4 O-O 15.f4 Re8
16.Qg4 Nf8 17.f5 Kf7 18.Rf1 Qc4 19.Rad1 b5 20.Kh1 Bd7 21.fxg6+ hxg6 22.Bxf6 Bxf6
23.Qg5 Nh7 24.Qxg6+ Ke7 25.Qxh7+  1-0

[Event "KB Czech Open"]
[Site "Pardubice CZE"]
[Date "2000.07.26"]
[Round "6"]
[White "Oral,T"]
[Black "Stefansson,H"]
[Result "1/2-1/2"]
[WhiteElo "2531"]
[BlackElo "2557"]

1.e4 c5 2.Nf3 d6 3.Bb5+ Bd7 4.Bxd7+ Nxd7 5.O-O Ngf6 6.Qe2 e6 7.d4 cxd4 8.Nxd4 Be7
9.c4 O-O 10.b3 Re8 11.Bb2 a6 12.Nc3 Rc8 13.Kh1 h6 14.f4 Bf8 15.Qf3 b6 16.Rae1 Rc5
17.Na4 Rc8 18.Nc3 Rc5 19.Na4 Rc7 20.Qg3 d5 21.exd5 exd5 22.Nf5  1/2-1/2

[Event "KB Czech Open"]
[Site "Pardubice CZE"]
[Date "2000.07.27"]
[Round "7"]
[White "Glienke,M"]
[Black "Navara,D"]
[Result "0-1"]
[WhiteElo "2348"]
[BlackElo "2433"]

1.e4 c5 2.Nf3 d6 3.Bb5+ Nd7 4.O-O Nf6 5.Re1 a6 6.Bf1 e5 7.c3 b6 8.d4 Bb7
9.Nbd2 Be7 10.Bd3 O-O 11.Nf1 cxd4 12.cxd4 d5 13.Nxe5 Nxe4 14.Ng3 Ndf6 15.Nf5 Bb4
16.Re2 Qc8 17.a3 Qxf5 18.axb4 Qh5 19.f3 Nd6 20.Be3 Rfc8 21.g4 Qh4 22.Bf2 Qg5
23.f4 Qh6 24.g5 Qh5 25.Bf5 Nxf5 26.gxf6 Rc7 27.Bg3 Re8 28.Ng4 Rf8 29.fxg7 Kxg7
30.Rg2 Kh8 31.Bf2 f6 32.Ne3 Qxd1+ 33.Rxd1 Nd6 34.Bh4 Ne4 35.f5 Rfc8 36.Re2 Kg7
37.Kg2 Kh6 38.Bg3 Rg7 39.Kf3 Kh5 40.Ng2 Ng5+ 41.Kf2 Ne4+ 42.Kf3 Rc4 43.Nf4+ Kh6
44.Ne6 Rg8 45.Bf4+ Kh5 46.Be3 Kh4 47.Rg1 Rxg1 48.Bxg1 Ng5+ 49.Nxg5 Kxg5 50.b5 axb5
51.Re7 Bc8 52.Be3+ Kxf5 53.Rxh7 Rc2 54.Rh5+ Ke6 55.Rh6 Kf5 56.Rh5+ Kg6 57.Rh8 Bf5
58.h4 Be4+ 59.Kg3 Rg2+ 60.Kh3 Rxb2 61.Rg8+ Kf7 62.Rg1 Re2 63.Bh6 b4 64.Rg7+ Ke8  0-1

[Event "15th Open"]
[Site "Avoine FRA"]
[Date "2000.07.29"]
[Round "8"]
[White "Weemaes,R"]
[Black "Monroy,C"]
[Result "1/2-1/2"]
[WhiteElo "2295"]
[BlackElo "2156"]

1.e4 c5 2.Nf3 d6 3.Bb5+ Nc6 4.O-O Bd7 5.c3 Nf6 6.Re1 a6 7.Bxc6 Bxc6 8.d4 Bxe4
9.Bg5 cxd4 10.Bxf6 Bxf3 11.Qxf3 gxf6 12.Qxb7 Rb8 13.Qxa6 Bh6 14.cxd4 Rxb2
15.Qa3 Rb8 16.Qh3 Bg5 17.Nc3 Bd2 18.Re2 Bxc3 19.Qxc3 Qd7 20.d5 Kf8 21.Rae1 Rb7
22.Rxe7 Qxe7 23.Rxe7 Kxe7 24.Qe3+ Kd7 25.h4 Ra8 26.Qf4 Ke7 27.Qe4+ Kf8 28.Qxh7 Rxa2
29.h5 Rb5 30.Qf5 Raa5 31.h6 Rxd5 32.Qxf6 Rd1+ 33.Kh2 Rh5+ 34.Kg3 Ke8 35.Kg4 Rdh1
36.Qxd6 Rxh6 37.Qb8+ Ke7 38.g3 Rg6+ 39.Kf3 Rh2  1/2-1/2

[Event "World Open"]
[Site "Philadelphia USA"]
[Date "2000.07.30"]
[Round "3"]
[White "Shibut,M"]
[Black "Kreitner,I"]
[Result "1-0"]
[WhiteElo "2265"]
[BlackElo "2083"]

1.e4 c5 2.Nf3 d6 3.Bb5+ Nd7 4.d4 cxd4 5.Qxd4 a6 6.Bxd7+ Bxd7 7.Bg5 Bc6 8.Nc3 Qa5
9.O-O h6 10.b4 Qc7 11.Bh4 Nf6 12.Bxf6 gxf6 13.a4 Rg8 14.b5 Bd7 15.Nd5 Qd8
16.b6 Rc8 17.Nc7+ Rxc7 18.bxc7 Qxc7 19.Qd3 Bc6 20.Nd4 Bd7 21.Rfe1 e5 22.Ne2 Be7
23.Nc3 Bc6 24.Nd5 Qc8 25.Red1 Bd8 26.Qa3 Qe6 27.c4 Rg6 28.Qf3 Rg5 29.Rd3 Qg4
30.Qxg4 Rxg4 31.f3 Rg6 32.Kf1 Ba5 33.g4 h5 34.h3 Rh6 35.Kg2 Kd7 36.Ne3 Bb4
37.Nf5 Rh8 38.Nxd6 Ke6 39.Nf5 hxg4 40.hxg4 Bc5 41.Rad1 Bd4 42.a5 Rc8 43.Nxd4+ exd4
44.Rxd4 Ke7 45.Kf2 Rc7 46.Ke3 Be8 47.Rb1 Bc6 48.Rb2 Rc8 49.Rh2 Bd7 50.Kd3 Rc5
51.Rh5 Rc7 52.Kc3 Be6 53.Kb4 Bd7 54.Rd2 Bc6 55.Rh6 Rc8 56.Rd4 Rb8 57.Kc5 Rc8
58.Kb6 Rg8 59.Rh5 Ke6 60.c5 Rc8 61.Rd6+ Ke7 62.Rh6  1-0

[Event "ch-GBR"]
[Site "Millfield ENG"]
[Date "2000.07.31"]
[Round "1"]
[White "Frost,N"]
[Black "Hunt,H"]
[Result "0-1"]
[WhiteElo "2164"]
[BlackElo "2454"]

1.e4 c5 2.Nf3 d6 3.Bb5+ Nd7 4.O-O Nf6 5.Re1 e5 6.c3 a6 7.Bxd7+ Bxd7 8.d4 Qc7
9.Bg5 Be7 10.Nbd2 Be6 11.Bh4 O-O 12.h3 Rad8 13.dxe5 dxe5 14.Bg3 Nd7 15.c4 f6
16.Qc2 Nb8 17.Nh2 Nc6 18.a3 Qa5 19.Nb3 Qa4 20.Rac1 Rc8 21.Nf1 b5 22.Ne3 bxc4
23.Nxc4 Rb8 24.Nbd2 Qxc2 25.Rxc2 g5 26.f3 Rfd8 27.Bf2 Rd7 28.Be3 Rd3 29.Kf2 Nd4
30.Rcc1 h5 31.Rc3 Bxc4 32.Nxc4 Rxb2+ 33.Nxb2 Rxc3 34.Rc1 Rxa3 35.Nc4 Ra2+
36.Kf1 a5 37.Nb6 Kf7 38.Nd7 Nc2 39.Bxc5 Bxc5 40.Nxc5 Ne3+ 41.Kg1 Rxg2+ 42.Kh1 Rg3  0-1

[Event "FIDE women's World Cup Gp B"]
[Site "Shenyang CHN"]
[Date "2000.08.02"]
[Round "2"]
[White "Skripchenko,A"]
[Black "Wang Pin"]
[Result "1/2-1/2"]
[WhiteElo "2450"]
[BlackElo "2502"]

1.e4 c5 2.Nf3 d6 3.Bb5+ Bd7 4.Bxd7+ Qxd7 5.c4 Nc6 6.O-O Nf6 7.Nc3 g6 8.d4 cxd4
9.Nxd4 Bg7 10.Nde2 O-O 11.f3 a6 12.Bg5 Ne5 13.Bxf6 Bxf6 14.Nd5 Nxc4 15.Nxf6+ exf6
16.Qd4 Qb5 17.Qxf6 Qe5 18.Qxe5 dxe5  1/2-1/2

[Event "MTO Open"]
[Site "Biel SUI"]
[Date "2000.08.04"]
[Round "11"]
[White "Porubszki,G"]
[Black "Astengo,C"]
[Result "1/2-1/2"]
[WhiteElo "2002"]
[BlackElo "2150"]

1.e4 c5 2.Nf3 d6 3.Bb5+ Bd7 4.Bxd7+ Nxd7 5.O-O Ngf6 6.Re1 e6 7.d4 cxd4 8.Nxd4 Rc8
9.b3 Be7 10.c4 a6 11.Bb2 Nc5 12.Nc3 O-O 13.Nc2 Qc7 14.f3 Rfd8 15.Qe2 Qc6
16.Rad1 Rb8 17.Kh1 Ra8 18.g4 Ne8 19.Nd5 Bh4 20.Nd4 Qd7 21.Nb6 Qe7 22.Nxa8 Bxe1
23.Qxe1 Rxa8 24.Qd2 Rd8 25.Kg2 Nd7 26.Ne2 Rc8 27.Ba3 Nc5 28.Nc3 Qf6 29.Bb2 Qe7
30.b4 Nd7 31.c5 Rc6 32.Na4 Ndf6 33.e5 dxe5 34.Bxe5 Nd5 35.a3 h6 36.Nc3 Nef6
37.Bxf6 Nxf6 38.Qd8+ Qxd8 39.Rxd8+ Kh7 40.Ne4 Nxe4 41.fxe4 Rc7  1/2-1/2

[Event "ch-GBR"]
[Site "Millfield ENG"]
[Date "2000.08.07"]
[Round "7"]
[White "Wise,D"]
[Black "Greet,A"]
[Result "0-1"]
[WhiteElo "2173"]
[BlackElo "2266"]

1.e4 c5 2.Nf3 d6 3.Bb5+ Nd7 4.d4 Nf6 5.Nc3 a6 6.Bxd7+ Nxd7 7.O-O e6 8.Be3 Be7
9.dxc5 Nxc5 10.Qd4 O-O 11.Rad1 Bd7 12.e5 d5 13.Qg4 Kh8 14.Rfe1 Rc8 15.Rd2 b5
16.Bg5 f6 17.Be3 f5 18.Qg3 h6 19.Bxc5 Rxc5 20.Nd4 Qe8 21.Nce2 Qf7 22.Qh3 Kh7
23.f4 Rc4 24.Kh1 Bd8 25.a3 h5 26.Qe3 Rg8 27.g3 Ba5 28.c3 Bb6 29.Ng1 Rh8 30.Ngf3 Kg8
31.Ng5 Qe8 32.h4 g6 33.Qd3 Qc8 34.Ngf3 Kf7 35.Kg2 Ke7 36.Ne2 Qc7 37.Nfd4 Rc8
38.Red1 Qb7 39.Qb1 Ba7 40.Rd3 Qb6 41.b3 R4c7 42.b4 Rc4 43.R1d2 Qb7 44.Kh2 Bb6
45.Qf1 Ra8 46.Qb1 a5 47.Rb2 axb4 48.axb4 Ra3 49.Rb3 Ra4 50.Kh3 Rc8 51.Rd1 Qc7
52.Qd3 Qc4 53.Kg2 Ra2 54.Kf3 Rca8 55.Rbb1 R8a3 56.Rbc1 Rb2 57.Rb1 Rxb1 58.Qxb1 Bc6
59.Kg2 Bxd4 60.Nxd4 Qxc3 61.Nxc6+ Ke8 62.Rc1 Qxg3+  0-1

[Event "TCh-ESP"]
[Site "Barcelona ESP"]
[Date "2000.08.09"]
[Round "5"]
[White "Magem Badals,J"]
[Black "Gual Pascual,A"]
[Result "1/2-1/2"]
[WhiteElo "2482"]
[BlackElo "2453"]

1.e4 c5 2.Nf3 d6 3.Bb5+ Bd7 4.Bxd7+ Qxd7 5.c4 Nc6 6.Nc3 Nf6 7.d4 cxd4 8.Nxd4 Qg4
9.Qxg4 Nxg4 10.Nxc6 bxc6 11.Bf4 g5 12.Bxg5 Ne5 13.b3 Rg8 14.Bh4 Rg4 15.Bg3 Bg7
16.Kd2 O-O-O 17.Rae1 Ng6 18.h3  1/2-1/2

[Event "101st US Open"]
[Site "Saint Paul USA"]
[Date "2000.08.09"]
[Round "5"]
[White "Luchan,J"]
[Black "Valvo,M"]
[Result "0-1"]
[WhiteElo "2117"]
[BlackElo "2368"]

1.e4 c5 2.Nf3 d6 3.Bb5+ Nd7 4.d4 Nf6 5.Nc3 a6 6.Bxd7+ Nxd7 7.O-O e6 8.Bg5 Be7
9.Bxe7 Qxe7 10.dxc5 Nxc5 11.Qd2 b5 12.a3 Bb7 13.Rfe1 O-O 14.b4 Nd7 15.a4 bxa4
16.Rxa4 Rac8 17.b5 Nb6 18.Raa1 a5 19.Qd3 Qc7 20.Na4 Nc4 21.Nd4 d5 22.exd5 Bxd5
23.Nc6 Qb7 24.Nc5 Qxb5 25.Ne7+ Kh8 26.Nxe6 Bxe6 27.Rab1 Qc5 28.Rb7 Rcd8 29.Qg3 Qe5  0-1

[Event "TCh-ESP"]
[Site "Barcelona ESP"]
[Date "2000.08.10"]
[Round "6"]
[White "Delgado Palomeque,M"]
[Black "Diez Fraile,M"]
[Result "1-0"]
[WhiteElo "2141"]
[BlackElo "2265"]

1.e4 c5 2.Nf3 d6 3.Bb5+ Bd7 4.Bxd7+ Nxd7 5.O-O g6 6.c3 Bg7 7.d4 e5 8.dxe5 dxe5
9.Na3 Ne7 10.Nc4 O-O 11.a4 Qc7 12.Qe2 Rfd8 13.Bg5 f6 14.Be3 Nf8 15.Rfd1 b6
16.Rxd8 Rxd8 17.Rd1 Ne6 18.Rxd8+ Qxd8 19.Qd2 Qxd2 20.Nfxd2 Nc8 21.Nb1 Kf7
22.Kf1 Ke7 23.Ke2 Kd7 24.Nca3 Bf8 25.Kd3 Kc6 26.c4 Be7 27.g4 a6 28.Nc3 Nd6
29.Nd5 Bd8 30.Nc2 f5 31.f3 fxg4 32.fxg4 Bg5 33.b3 Bxe3 34.Ncxe3 Ng5 35.Nf6 h6
36.Ned5 Ngf7 37.Ne7+ Kb7 38.Nxg6 Kc7 39.Nh4 Ng5 40.Nf5 Ndf7 41.Ng8 Nh3 42.Ngxh6 Nfg5
43.Ke3 Kd7 44.Nh4 Ke6 45.N6f5 Nf4 46.Ng3 Nfh3 47.Ne2 Kd7 48.Nf3 Nf7 49.Nc3 Kc6
50.Nd5 b5 51.Nf6 bxc4 52.bxc4 Kd6 53.a5 Nd8 54.g5 Nf4 55.h4 Nb7 56.Ng4 Nxa5
57.Nfxe5 Ng2+ 58.Kd3 Nxh4  1-0